Statistics for Misquotes and Misattributions

Click here to take the quiz!

General Stats

  • This quiz has been taken 130 times
    (129 since last reset)
  • The average score is 7 of 18

Answer Stats

Hint Answer % Correct
Elementary, dear Watson.Sherlock Holmes
98%
Luke, I am your father.Darth Vader
89%
I cannot tell a lie. It was I who chopped down the cherry treeGeorge Washington
80%
If they have no bread,let them eat cake.Marie Antoinette
76%
We are not amused.Queen Victoria
53%
The only traditions of the Royal Navy are rum, sodomy and the lash.Winston Churchill
47%
The Buck Stops HereHarry Truman
45%
Anything that can go wrong, will.Edward Murphy
44%
Play it again Sam.Rick Blaine
28%
I disapprove of what you say, but I will defend to the death your right to say it.Voltaire
25%
The end justifies the means.Nicolo Machiavelli
24%
Sometimes a cigar is just a cigar.Sigmund Freud
24%
We few,we happy few, we band of brothers.Henry V
13%
Gild the lily.William Shakespeare
12%
The only two certainties in life are death and taxes.Mark Twain
9%
The only necessary thing for the triumph of evil is for good men to do nothing.Edmund Burke
7%
Power corrupts, absolute power corrupts absolutely.Lord Acton
5%
I fear all we have done is to awaken the sleeping giant.Admiral Isoroku Yamamoto
1%

Score Distribution

Percentile by Number Answered

Percent of People with Each Score

Your Score History

You have not taken this quiz since the last reset